000 nam a22 7a 4500
999 _c18341
_d18341
008 161216b xxu||||| |||| 00| 0 eng d
020 _a9789966011497
050 _aAFR HF 5549
_b.W334 2010
100 _aWachira,Florence N.
245 _aEssentials of Human Resource Development:
_bGoing beyond training
_cFlorence N.Wachira
260 _aNairobi,Kenya :
_bFocus publishers ltd,
_cc2010
300 _a172p. :
_bill. ;
500 _aIncludes index.
650 _2personnel management
942 _2lcc
_cAFRICANA
_hAFRI HF 5549 .W334 2010